000 00538cam a2200193ua 4500
001 2484
008 110823n ii |||gr||||Z||||||asm
040 _cMAIN
082 _a327.11
100 1 _aGogoi, Purandar.,
_eAuthor.
245 1 1 _aAantorashtriya samparka aru rajniti
_cby Purandar Gogoi
250 _a3rd ed.
260 _aGuwahati:
_bJyoti prakashan,995.
300 _a600p.:
_c30cm.
653 _aPolitical Science
653 _aAantorashtriya samparka aru rajniti
653 _aInternarional relation and politics
942 _cBK
999 _c2339
_d2339